000 01010cam a2200313 a 4500
999 _c1152
_d1152
001 016122296
003 UkOxU
005 20220801112445.0
008 030811r20021976enk j 000 1 eng d
020 _a1405206357
020 _a9781405206358
035 _a(UkLCURL)e00003516128
040 _aIeDuTC
_cKH8
041 1 _aeng
_afre
049 _le
082 _aFIC HER
100 0 _aHergé,
_d1907-1983.
245 1 0 _aTintin and the Picaros /
_c[by] Hergé ; [translated by Leslie Lonsdale-Cooper and Michael Turner].
260 _aLondon :
_bEgmont Books,
_c2002.
300 _a62 p :
_bcol. ill ;
_c30 cm.
490 1 _aThe adventures of Tintin
500 _aOriginally published: Methuen Children's Books, 1976.
600 0 0 _aTintin
_c(Fictitious character)
_vComic books, strips, etc.
650 0 _aCaricatures and cartoons
_zFrance.
700 1 _aLonsdale-Cooper, Leslie.
700 1 _aTurner, Michael R.
800 0 _aHergé,
_d1907-1983.
_tAventures de Tintin.
_lEnglish.
942 _2ddc
_cFIC